000 00757cab a2200241 4500
001 WB3132-30
008 090401t1995 xxu||||| |||| 00| 0 eng d
035 _a(Sirsi) u57257
041 _aeng
245 _aWarning against rise in mortgage relief
260 _c1995
350 _a0
490 _aFinancial Times
_v29 August 1995, 6(1)
520 _aA report published by the Joseph Rowntree Foundation suggests that increasing tax relief on mortgages would not help solve the problem of negative equity.
650 _aHOUSING RESEARCH FINDINGS 152
650 _aJOSEPH ROWNTREE FOUNDATION
650 _aMIRAS
650 _aMORTGAGE TAX RELIEF
650 _aNEGATIVE EQUITY
690 _aHOUSING-FINANCE
942 _n0
948 _c04/03/1997
999 _c34894
_d34894